000 00383nam a2200121Ia 4500
008 240731s9999 xx 000 0 und d
022 _a1521-0626
245 0 _aNumerical Heat Transfer, Part B: Fundamentals : An International Journal of Computation and Methodology
260 _bTaylor & Francis
856 _uhttps://www.tandfonline.com/loi/unhb20
942 _2ddc
942 _cTFEJ
999 _c78774
_d78774
945 _a1
_bMadushi Gamage
_c1
_dMadushi Gamage